| 000 | 00755cam a2200253u 4500 | ||
|---|---|---|---|
| 001 | 1356 | ||
| 003 | BD-RjUL | ||
| 005 | 20211208233325.0 | ||
| 008 | 131125s1952 enk 000 0 eng d | ||
| 035 | _a(BD-RjUL)1378 | ||
| 040 |
_aDLC _cCarP _dDLC _dBD-RjUL _beng |
||
| 041 | _aeng | ||
| 082 |
_219 _a616.89 _bHAM 1952 |
||
| 100 | 1 |
_aHadfield, James Arthur, _d1882- [from old catalog] _94018 |
|
| 245 | 1 | 0 |
_aMental health and the psychoneuroses / _cJames Arthur, Hadfield. |
| 250 | _aAbridged ed. | ||
| 260 |
_aLondon, _bAllen & Unwin _c[1952] |
||
| 300 |
_avii, 176 p. ; _c21 cm. |
||
| 650 | 0 |
_aPsychiatry. _94019 |
|
| 942 |
_2ddc _cBK |
||
| 999 |
_c1356 _d1356 |
||